000
00238nam a2200097Ia 4500
008
240331s9999 xx 000 0 und d
082
_b
WAN
100
_a
Wanasundara, L
245
0
_a
Women of Sri Lanka :
_b
n annotated bibliography
942
_c
L
999
_c
1793
_d
1793